Flujo de fluidos e intercambio de calor / O. Levenspiel (Registro nro. 16863)
[ vista simple ]
| 000 -LÍDER | |
|---|---|
| fixed length control field | 00492nam a2200157 4500 |
| 008 - ELEMENTOS DE LONGITUD FIJA -- INFORMACIÓN GENERAL | |
| fixed length control field | 01998 0ant 000 0MEX |
| 020 ## - NÚMERO INTERNACIONAL NORMALIZADO PARA LIBROS | |
| ISBN | 968-6708-38-3, 968-6708-38-3 |
| 050 ## - SIGNATURA TOPOGRAFICA DE LA BIBLIOTECA DEL CONGRESO (LC) | |
| Número de Clasificación | TA357 L48 1998 |
| 082 ## - NUMERO DE CLASIFICACION DECIMAL DEWEY | |
| Número de Clasificación | 621.402.2 L176f |
| 100 ## - ASIENTO PRINCIPAL--NOMBRE PERSONAL | |
| Nombre personal | Levenspiel, O. |
| 245 ## - TÍTULO | |
| Título | Flujo de fluidos e intercambio de calor / O. Levenspiel |
| 250 ## - MENCIÓN DE EDICIÓN | |
| Mención de edición | 1 / reimp. 2004 |
| 260 ## - PUBLICACIÓN, DISTRIBUCIÓN, ETC. (PIE DE IMPRENTA) | |
| Lugar de publicación, distribución, etc. | México : Reverté |
| 300 ## - DESCRIPCIÓN FÍSICA | |
| Extensión | vi, 373 p. / 22 cm. |
| 650 ## - ASIENTO SECUNDARIO DE MATERIA - TERMINO TEMÁTICO | |
| Término temático o nombre geográfico como elemento de entrada | 1.DINAMICA DE FLUIDOS \ 2.TRANSMISION DE CALOR |
| No. biblioteca | No. biblioteca | Número de clasificación | Código de barras/Número de adquisición | Número de copia | Tipo de material |
|---|---|---|---|---|---|
| ÁREA DE QUÍMICA | LUIS G. INCLAN | 621.402.2 L176f | 43100 | 1 | Libros |
| ÁREA DE QUÍMICA | LUIS G. INCLAN | 621.402.2 L176f | 43101 | 2 | Libros |
| ÁREA DE QUÍMICA | LUIS G. INCLAN | 621.402.2 L176f | 50791 | 3 | Libros |
| ÁREA DE QUÍMICA | ÁREA DE QUÍMICA | 621.402.2 L176f | 50794 | 6 | Libros |
| ÁREA DE QUÍMICA | ÁREA DE QUÍMICA | 621.402.2 L176f | 50795 | 7 | Libros |
| ÁREA DE QUÍMICA | ÁREA DE QUÍMICA | 621.402.2 L176f | 50792 | 4 | Libros |
| ÁREA DE QUÍMICA | ÁREA DE QUÍMICA | 621.402.2 L176f | 50793 | 5 | Libros |
